Cross and Another v David Martin and Mortimer (Record no. 16431)
[ view plain ]
| 000 -LEADER | |
|---|---|
| fixed length control field | 01263cab a2200205 4500 |
| 001 - CONTROL NUMBER | |
| control field | ABS40523 |
| 008 - FIXED-LENGTH DATA ELEMENTS--GENERAL INFORMATION | |
| fixed length control field | 090401t1989 xxu||||| |||| 00| 0 eng d |
| 035 ## - SYSTEM CONTROL NUMBER | |
| System control number | (Sirsi) u24501 |
| 041 ## - LANGUAGE CODE | |
| Language code of text/sound track or separate title | eng |
| 245 ## - TITLE STATEMENT | |
| Title | Cross and Another v David Martin and Mortimer |
| 260 ## - PUBLICATION, DISTRIBUTION, ETC. | |
| Date of publication, distribution, etc. | 1989 |
| 350 ## - PRICE (NR) (BK AM CF MU VM SE) [OBSOLETE] | |
| Price | 0 |
| 490 ## - SERIES STATEMENT | |
| Series statement | Estates Gazette |
| Volume/sequential designation | (1989) 10 EG 110-118(5) |
| 520 ## - SUMMARY, ETC. | |
| Summary, etc. | QBD 18 November 1988 Action by Mr and Mrs Cross (C) against David Martin and Mortimer (M), a firm of chartered surveyors , claiming damages for alleged negligence in a House Buyers Report and Valuation survey of a house purchased by C. It was contended that M had failed to warn C with regard to three specific defects: ground floor subsidence , misalignment of doors on first floor and the alteration of roof trusses in order to enable the loft to be converted into a room. Damages were measured on the Phillips v Ward principle, the difference between the price C paid for the property and the market value of the property if properly described by M, showing the defects. QBD assessed the difference at £6,000 with interest at 12.25% plus expenses. |
| 650 ## - SUBJECT ADDED ENTRY--TOPICAL TERM | |
| Topical term or geographic name entry element | BUILDING DEFECTS |
| 650 ## - SUBJECT ADDED ENTRY--TOPICAL TERM | |
| Topical term or geographic name entry element | LOFT CONVERSION |
| 690 ## - LOCAL SUBJECT ADDED ENTRY--TOPICAL TERM (OCLC, RLIN) | |
| Topical term or geographic name as entry element | PROFESSIONAL PRACTICE-CASE LAW |
| 942 ## - ADDED ENTRY ELEMENTS (KOHA) | |
| Suppress in OPAC | 0 |
| 948 ## - LOCAL PROCESSING INFORMATION (OCLC); SERIES PART DESIGNATOR (RLIN) | |
| c (OCLC) | 04/03/1997 |
| Withdrawn status | Lost status | Source of classification or shelving scheme | Damaged status | Not for loan | Home library | Current library | Shelving location | Date acquired | Total Checkouts | Full call number | Barcode | Date last seen | Copy number | Price effective from | Koha item type |
|---|---|---|---|---|---|---|---|---|---|---|---|---|---|---|---|
| Dewey Decimal Classification | London | London | Journal article | 14/09/1999 | ABS40523 | 24501-1001 | 06/08/2019 | 1 | 06/08/2019 | Law report |